Margarete (Faust) Oper in fünf Akten (Record no. 9972)

MARC details
000 -CABECERA
campo de control de longitud fija 00859nam a2200253 a 4500
001 - NÚMERO DE CONTROL
campo de control BRL_1160
005 - FECHA Y HORA DE LA ÚLTIMA TRANSACCIÓN
campo de control 20190320211048.0
008 - DATOS DE LONGITUD FIJA--INFORMACIÓN GENERAL
campo de control de longitud fija 201113s1838----gw-#######---#000-0#ger-#
041 ## - CÓDIGO DE LENGUA
Código de lengua del texto/banda sonora o título independiente ger
044 ## - CÓDIGO DEL PAÍS DE LA ENTIDAD EDITORA/PRODUCTORA
Código MARC del país gw
050 #4 - SIGNATURA TOPOGRÁFICA DE LA BIBLIOTECA DEL CONGRESO
Número de clasificación ML50.G711
Número de documento/Ítem .G68 1838
100 1# - ENTRADA PRINCIPAL--NOMBRE DE PERSONA
Nombre de persona Gounod, Charles
Fechas asociadas al nombre 1818-1893
9 (RLIN) 25971
245 10 - MENCIÓN DE TÍTULO
Título Margarete (Faust) Oper in fünf Akten
Mención de responsabilidad, etc. Nach Goethe von Jules Barbier und Michel Carré. Deutsche Übersetzung von J. Behr; Musik con CH. Gounod
260 ## - PUBLICACIÓN, DISTRIBUCIÓN, ETC.
Lugar de publicación, distribución, etc. Berlin
Nombre del editor, distribuidor, etc. Ed. Bote & G. Book
Fecha de publicación, distribución, etc. 1838
300 ## - DESCRIPCIÓN FÍSICA
Extensión 75 p.
Dimensiones 18 cm.
500 ## - NOTA GENERAL
Nota general Au1368
500 ## - NOTA GENERAL
Nota general Estado físico: Desprendimiento de hojas y falta la pasta de adelante.
650 14 - PUNTO DE ACCESO ADICIONAL DE MATERIA--TÉRMINO DE MATERIA
Término de materia o nombre geográfico como elemento de entrada Opera
9 (RLIN) 23436
650 14 - PUNTO DE ACCESO ADICIONAL DE MATERIA--TÉRMINO DE MATERIA
Término de materia o nombre geográfico como elemento de entrada Libretos para operas
9 (RLIN) 23437
700 1# - PUNTO DE ACCESO ADICIONAL--NOMBRE DE PERSONA
Nombre de persona Barbier, Jules
Fechas asociadas al nombre 1825-1901
Título de la obra Faust
9 (RLIN) 25972
700 1# - PUNTO DE ACCESO ADICIONAL--NOMBRE DE PERSONA
Nombre de persona Carré, Michel
Fechas asociadas al nombre 1819-1872
Título de la obra Faust
9 (RLIN) 25973
902 ## - CATALOGADOR
Iniciales GRL
942 ## - ELEMENTOS DE PUNTO DE ACCESO ADICIONAL (KOHA)
Fuente del sistema de clasificación o colocación Library of Congress Classification
Tipo de ítem Koha Libros
Holdings
Estado de retiro Estado de pérdida Estado dañado No para préstamo Localización permanente Ubicación/localización actual Fecha de adquisición Número de inventario Total de préstamos Signatura topográfica completa Código de barras Fecha visto por última vez Precio válido a partir de Tipo de ítem Koha
El ejemplar forma parte de la colección y puede ser consultado según las políticas vigentes.       Biblioteca Centro de Estudios Ruth D. Lechuga Biblioteca Centro de Estudios Ruth D. Lechuga 20/11/2013 Au1368   ML50.G711 .G68 1838 (Au1368) GRL01273 22/03/2019 22/03/2019 Libros